000 01205naa a22003377a 4500
001 BR9400297
003 BR-BrBNA
005 20240918181056.0
007 ta
008 230509b bl.||||| |||| 00| 0 por d
040 _aBR-BrBNA
_bpor
_cBiblioteca Nacional de Agricultura
041 _a(Pt)
072 _aF06; P33
090 _aF06 BR9400297
100 1 _aPruski, F.F.
100 1 _aFurukawa, C.
100 1 _aCosta, L.M. da
100 1 _aFontes, L.E.F.
100 1 _aMedina Netto, A.
111 1 _a22. Congresso Brasileiro de Engenharia Agricola
_cIlheus, BA (Brazil)
_d19-23 Jul 1993
245 1 _aAnalise do escoamento superficial, sob condicoes de irrigacao, em solos com e sem cobertura
260 3 _aIlheus, BA (Brasil):
_c1993.
500 _a22. Congresso Brasileiro de Engenharia Agricola. Anais Ilheus, BA (Brasil): 1993. v. 4 p. 2352-2358 (BR9400297-AM)F06
650 _aIrrigacao por Aspersao
650 _aEscoamento
650 _aInfiltracao
650 _aInfiltrometro
773 0 _t22. Congresso Brasileiro de Engenharia Agricola. Anais
_wF06 BR9400297
_gIlheus, BA (Brasil), 1993. v. 4 p. 2352-2358
909 _a202404
_bLucia
_c55
_dLucia Elande
942 _cAM
_2AGRIS
999 _c323516
_d323516